Statistics for Winter Holiday

Click here to take the quiz!

General Stats

  • This quiz has been taken 17 times
    (14 since last reset)
  • The average score is 8 of 10

Answer Stats

QuestionAnswer% Correct
What is the D's last name?Callum
100%
What animal do the children rescue?A sheep
88%
What flag does Nancy fly when she has the mumps?Checkered yellow and black
88%
What kind of messaging do Nancy and Peggy use to communicate while Nancy is sick?Semaphore
88%
What do the Swallows, Amazons, and D's call the houseboat?The Fram
88%
What do the Swallows try putting on their sledge?A sail
75%
Which boat do the children use in wintertime?The Beckfoot rowing boat
75%
Who reaches the North Pole first?The D's
75%
How do the D's first make contact with the Swallows and Amazons?They signal to them with a lantern
75%
What name do the children give to the people skating on the lake?Both
25%

Score Distribution

Percentile by Number Answered

Percent of People with Each Score

Your Score History

You have not taken this quiz since the last reset